Organic chemistry / (Record no. 7528)

MARC details
000 -LEADER
fixed length control field 00548 a2200193 4500
010 ## - LCCN (DPL NO)
LC control number ENG-88035
020 ## - INTERNATIONAL STANDARD BOOK NUMBER
International Standard Book Number 0070667160
Terms of availability 450.00
035 ## - SYSTEM CONTROL NUMBER
System control number EN-71568
037 ## - SOURCE OF ACQUISITION
Source of stock number/acquisition DBAD / PUB
082 14 - DEWEY DECIMAL CLASSIFICATION NUMBER
Classification number 547
100 1# - MAIN ENTRY--PERSONAL NAME
Personal name Carey, Francis A.
245 1# - TITLE STATEMENT
Title Organic chemistry /
Statement of responsibility, etc Francis A. Carey
250 ## - EDITION STATEMENT
Edition statement 7th ed
260 ## - PUBLICATION, DISTRIBUTION, ETC. (IMPRINT)
Place of publication, distribution, etc New Delhi
Name of publisher, distributor, etc Tata McGraw-Hill Publishing
Date of publication, distribution, etc 2008
300 ## - PHYSICAL DESCRIPTION
Extent xxxiii, 1229 p.
Other physical details ill. (some col.)
Dimensions 24 cm (Pbk)
500 ## - GENERAL NOTE
General note Includes index
650 #0 - SUBJECT ADDED ENTRY--TOPICAL TERM
Topical term or geographic name as entry element Chemistry, Organic.
942 ## - ADDED ENTRY ELEMENTS (KOHA)
Institution code [OBSOLETE] dpl
Item type English Books
Source of classification or shelving scheme Dewey Decimal Classification
Classification part 547
Call number suffix CAR
Holdings
Withdrawn status Lost status Not for loan Collection code Home library Current library Source of acquisition Cost, normal purchase price Full call number Barcode Copy number Cost, replacement price Koha item type
    Not For Loan Non-fiction D.B.Act.Division D.B.Act.Division DBAD/PUB 450.00 547 CAR EN-71568 1 450.00 English Books

© Delhi Public Library
Hit Counter
free hit counter